Középiskolai tanulók idegessége. Irta [!írta] Dr. Schuschny Henrik, a budapesti V. kerül, állami főreáliskola iskolaorvosa és egészségtantanára. Budapest, Singer és Wolfner könyvkereskedése 1894. [könyvismertetés] /

Elmentve itt :
Bibliográfiai részletek
Szerző: Waldapfel János
További közreműködők: Schuschny Henrik
Dokumentumtípus: Cikk
Megjelent: 1895
Sorozat:Magyar pedagógia : a Magyar Tudományos Akadémia Pedagógiai Bizottságának folyóirata 4
Kulcsszavak:Neveléslélektan könyvismertetés, Túlterhelés
Online Access:http://misc.bibl.u-szeged.hu/7071
LEADER 00914nab a2200193 i 4500
001 misc7071
005 20191106144308.0
008 170607s1895 hu o 0|| hun d
022 |a 0025-0260 
040 |a SZTE Miscellanea Repozitórium  |b hun 
041 |a hun 
100 1 |a Waldapfel János 
245 1 0 |a Középiskolai tanulók idegessége. Irta [!írta] Dr. Schuschny Henrik, a budapesti V. kerül, állami főreáliskola iskolaorvosa és egészségtantanára. Budapest, Singer és Wolfner könyvkereskedése 1894.   |h [elektronikus dokumentum] :  |b [könyvismertetés] /  |c  Waldapfel János 
260 |c 1895 
300 |a 256-265 
490 0 |a Magyar pedagógia : a Magyar Tudományos Akadémia Pedagógiai Bizottságának folyóirata  |v 4 
695 |a Neveléslélektan könyvismertetés, Túlterhelés 
700 0 1 |a Schuschny Henrik 
856 4 0 |u http://misc.bibl.u-szeged.hu/7071/1/mp_1895_0288_256-265.pdf  |z Dokumentum-elérés